000 01319nac a22002531u 4500
008 100906t xxu||||| |||| 00| 0 eng d
010 _a98026288
020 _a0070121354 (acid-free paper)
020 _a0071161473
082 _a005.133
_bC6789
100 _aCohoon, James P.
_918285
245 _aC++ program design :
_cJames P. Cohoon, Jack W. Davidson.
_b an introduction to programming and object-oriented design /
250 _a2nd ed.
260 _aBoston :
_bWCB/McGraw-Hill,
_cc1999.
300 _axxx, 896 p. :
_bill. ;
_c24 cm.
_e1 computer laser optical disc (4 3/4 in.)
504 _aIncludes bibliographical references (p. xvi) and index.
538 _aSystem requirements for accompanying computer disc: Borland C++ 5.02; Microsoft Visual C++ 5.0; UNIX X/11.
650 _aC++ (Computer program language)
_918286
650 _aObject-oriented programming (Computer science)
_918287
700 _aDavidson, Jack W.
_aq (Jack Winfred)
_918288
942 _cBB
_k005.133C6789
_2ddc
999 _c503
_d503